[Event "Outaouais ferme-A"]
[Site "Gatineau CAN"]
[Date "2004.04.13"]
[Round "2"]
[White "Groleau, Gilles"]
[Black "Pepin, Christian"]
[Result "0-1"]
[WhiteElo "2162"]
[BlackElo "2105"]
[PlyCount "68"]
[GameId "2160767911166828"]
[EventDate "2004.04.06"]
[EventType "tourn"]
[EventRounds "6"]
[EventCountry "CAN"]
[SourceTitle "EXT 2006"]
[Source "ChessBase"]
[SourceDate "2005.11.24"]
[SourceVersion "1"]
[SourceVersionDate "2005.11.24"]
[SourceQuality "1"]

1. e4 c6 2. d4 d5 3. exd5 cxd5 4. Bd3 Nf6 5. c3 Bg4 6. Qb3 Qd7 7. Bf4 Nc6 8. Nd2 O-O-O 9. Ngf3 Qe6+ 10. Be3 Bxf3 11. Nxf3 Ng4 12. O-O Nxe3 13. Rfe1 Qd7 14. Rxe3 e6 15. Qc2 Bd6 16. b4 g5 17. a4 Qc7 18. g3 g4 19. Nh4 Be7 20. Ng2 h5 21. a5 h4 22. f4 gxf3 23. Rxf3 hxg3 24. hxg3 Rh6 25. Raf1 Rdh8 26. Qd2 e5 27. dxe5 d4 28. Bf5+ Kb8 29. cxd4 Bxb4 30. Qf4 Nxd4 31. Re3 Bc5 32. Bd3 Nf5 33. Qc4 Qxe5 34. Rfe1 Qxg3 0-1

[Event "Outaouais ferme-A"]
[Site "Gatineau CAN"]
[Date "2004.04.20"]
[Round "3"]
[White "Brousseau, Yvan"]
[Black "Groleau, Gilles"]
[Result "1-0"]
[WhiteElo "2052"]
[BlackElo "2162"]
[PlyCount "65"]
[GameId "2160767911166829"]
[EventDate "2004.04.06"]
[EventType "tourn"]
[EventRounds "6"]
[EventCountry "CAN"]

1. e4 c5 2. Nf3 e6 3. g3 d5 4. Qe2 dxe4 5. Qxe4 Nf6 6. Qe2 Be7 7. Bg2 O-O 8. O-O Nc6 9. b3 Qc7 10. Bb2 Bd7 11. Na3 a6 12. Nc4 Rac8 13. Nce5 Rfd8 14. Nxd7 Nxd7 15. Rfd1 Bf6 16. Bxf6 Nxf6 17. Rac1 Rd7 18. Qe3 Nd4 19. Ne5 Rdd8 20. f4 Nf5 21. Qf3 Rb8 22. c3 Nd7 23. d4 Nxe5 24. dxe5 c4 25. Rxd8+ Qxd8 26. bxc4 g6 27. Rd1 Qc7 28. Bf1 b6 29. Qf2 b5 30. g4 Ne7 31. Rd6 bxc4 32. Qd4 a5 33. Rd7 1-0

[Event "Outaouais ferme-A"]
[Site "Gatineau CAN"]
[Date "2004.04.20"]
[Round "3"]
[White "Pepin, Christian"]
[Black "Mai, Lloyd"]
[Result "1-0"]
[WhiteElo "2105"]
[BlackElo "1908"]
[PlyCount "79"]
[GameId "2160767911166830"]
[EventDate "2004.04.06"]
[EventType "tourn"]
[EventRounds "6"]
[EventCountry "CAN"]

1. d4 Nf6 2. c4 g6 3. g3 d5 4. cxd5 Qxd5 5. Nf3 b6 6. Bg2 Bb7 7. O-O Bg7 8. Nh4 Ne4 9. Nc3 Qxd4 10. Qxd4 Bxd4 11. Bxe4 Bxe4 12. Nxe4 f5 13. Ng5 Bf6 14. Rb1 Nc6 15. Ngf3 e5 16. Bg5 Bg7 17. Rbc1 e4 18. Rxc6 exf3 19. Bf6 fxe2 20. Re1 Kd7 21. Bxg7 Kxc6 22. Bxh8 Rxh8 23. Rxe2 Rd8 24. Rc2+ Kb7 25. Nf3 c5 26. Rd2 Rxd2 27. Nxd2 Kc6 28. Kf1 Kd5 29. Ke2 g5 30. Kd3 b5 31. h4 h6 32. hxg5 hxg5 33. Nf3 g4 34. Ne1 a5 35. Ng2 c4+ 36. Ke3 b4 37. Nh4 Ke5 38. f4+ Ke6 39. Kd4 b3 40. a4 1-0

[Event "Outaouais ferme-A"]
[Site "Gatineau CAN"]
[Date "2004.04.??"]
[Round "4"]
[White "Groleau, Gilles"]
[Black "Mai, Lloyd"]
[Result "1-0"]
[WhiteElo "2162"]
[BlackElo "1908"]
[PlyCount "75"]
[GameId "2160767911166832"]
[EventDate "2004.04.06"]
[EventType "tourn"]
[EventRounds "6"]
[EventCountry "CAN"]

1. e4 c5 2. Nf3 Nc6 3. Bb5 g6 4. O-O Bg7 5. c3 e5 6. Re1 d6 7. d4 Qb6 8. Na3 a6 9. Nc4 Qc7 10. Bxc6+ Qxc6 11. dxe5 dxe5 12. Nfxe5 Qe6 13. Nd6+ Ke7 14. Nexf7 Bd7 15. Qd5 Rf8 16. Bg5+ Bf6 17. Nxh8 Qxd5 18. exd5+ Kxd6 19. Bf4+ Kxd5 20. Rad1+ Kc6 21. Rd6+ Kb5 22. Rxd7 Bxh8 23. Rxb7+ Kc4 24. Be3 Be5 25. Rxh7 Nf6 26. Re7 Ng4 27. h3 Bh2+ 28. Kh1 Nxe3 29. Kxh2 Nf5 30. R7e6 Kd3 31. Rxg6 Nh4 32. Rd6+ Kc4 33. Re4+ Kb5 34. Rxh4 Rxf2 35. a4+ Ka5 36. Rhh6 Kxa4 37. Rxa6+ Kb5 38. Rhb6+ 1-0

[Event "Outaouais ferme-A"]
[Site "Gatineau CAN"]
[Date "2004.04.27"]
[Round "4"]
[White "Pepin, Christian"]
[Black "Brousseau, Yvan"]
[Result "1-0"]
[WhiteElo "2105"]
[BlackElo "2052"]
[PlyCount "53"]
[GameId "2160767911166833"]
[EventDate "2004.04.06"]
[EventType "tourn"]
[EventRounds "6"]
[EventCountry "CAN"]
[SourceTitle "EXT 2006"]
[Source "ChessBase"]
[SourceDate "2005.11.24"]
[SourceVersion "1"]
[SourceVersionDate "2005.11.24"]
[SourceQuality "1"]

1. e4 e5 2. Nf3 Nc6 3. d4 exd4 4. Nxd4 Bc5 5. Be3 Qf6 6. c3 Nge7 7. Qd2 O-O 8. Bc4 d6 9. Nb5 Ne5 10. Be2 c6 11. Nd4 h6 12. h3 Qh4 13. Nb3 Bxe3 14. Qxe3 Be6 15. N1d2 f5 16. g3 f4 17. gxf4 Qxf4 18. Qg3 Qxg3 19. fxg3 d5 20. Nd4 Bd7 21. g4 dxe4 22. Nxe4 b6 23. O-O-O c5 24. Nf3 Bxg4 25. hxg4 Nxf3 26. g5 Nxg5 27. Nxg5 1-0

[Event "Outaouais ferme-A"]
[Site "Gatineau CAN"]
[Date "2004.05.04"]
[Round "5"]
[White "Brousseau, Yvan"]
[Black "Mai, Lloyd"]
[Result "1-0"]
[WhiteElo "2052"]
[BlackElo "1908"]
[PlyCount "107"]
[GameId "2160767911166834"]
[EventDate "2004.04.06"]
[EventType "tourn"]
[EventRounds "6"]
[EventCountry "CAN"]

1. b3 e5 2. Bb2 d6 3. g3 Nf6 4. Bg2 g6 5. c4 Bg7 6. e3 O-O 7. Ne2 Nc6 8. O-O Be6 9. d4 exd4 10. exd4 d5 11. Nf4 Bg4 12. f3 Bf5 13. g4 Bc8 14. g5 Ne8 15. Nxd5 Qxg5 16. f4 Qg4 17. Na3 Qxd1 18. Raxd1 Bg4 19. Rd2 Kh8 20. Nc2 Bd7 21. Nce3 f5 22. Nc2 Rc8 23. Re2 Nf6 24. Nxf6 Bxf6 25. b4 a6 26. a3 Rce8 27. Rfe1 Nd8 28. Rxe8 Rxe8 29. Rxe8+ Bxe8 30. Kf2 Bf7 31. Bf1 b6 32. Bc1 Nb7 33. c5 Bb3 34. Ne3 Bxd4 35. Bxa6 Nd8 36. cxb6 Bxb6 37. Ke2 Ne6 38. Nc4 Bd4 39. Be3 Bf6 40. Kd3 h6 41. Bc8 Ng7 42. Bd7 g5 43. a4 Be7 44. Kc3 Bd1 45. a5 Bf3 46. a6 Bf6+ 47. Kb3 Bd1+ 48. Ka3 gxf4 49. Bxf4 Be2 50. a7 Bf3 51. Ne5 Bxe5 52. Bxe5 Kg8 53. b5 Kf7 54. Bc6 1-0

[Event "Outaouais ferme-A"]
[Site "Gatineau CAN"]
[Date "2004.05.04"]
[Round "5"]
[White "Pepin, Christian"]
[Black "Groleau, Gilles"]
[Result "1/2-1/2"]
[WhiteElo "2105"]
[BlackElo "2162"]
[PlyCount "234"]
[GameId "2160767911166836"]
[EventDate "2004.04.06"]
[EventType "tourn"]
[EventRounds "6"]
[EventCountry "CAN"]
[SourceTitle "EXT 2006"]
[Source "ChessBase"]
[SourceDate "2005.11.24"]
[SourceVersion "1"]
[SourceVersionDate "2005.11.24"]
[SourceQuality "1"]

1. e4 c5 2. Nf3 e6 3. d4 cxd4 4. Nxd4 Nf6 5. Nc3 d6 6. Be2 Be7 7. O-O a6 8. f4 Qc7 9. Be3 O-O 10. Qe1 Nc6 11. Qg3 Nxd4 12. Bxd4 b5 13. a3 Bb7 14. Bd3 g6 15. Rf2 Nh5 16. Qe3 e5 17. Bb6 Qd7 18. f5 Nf4 19. Ne2 Nxd3 20. Qxd3 Qc6 21. f6 Qxb6 22. fxe7 Rfe8 23. Raf1 Rxe7 24. Ng3 Qd4 25. Rd1 Qxd3 26. Rxd3 Rd7 27. Rfd2 Rad8 28. Re3 Kf8 29. Ne2 d5 30. exd5 Rxd5 31. Rxd5 Rxd5 32. Nc3 Rd2 33. Re2 Rxe2 34. Nxe2 Ke7 35. Kf2 Be4 36. Nc3 Bxc2 37. Nd5+ Kd6 38. Nb4 Bb3 39. Nxa6 f5 40. Ke3 f4+ 41. Kd2 e4 42. Nb4 Bc4 43. Kc3 Bf1 44. g3 g5 45. gxf4 gxf4 46. Kd4 Bg2 47. b3 Ke6 48. a4 bxa4 49. bxa4 Kf5 50. a5 e3 51. a6 e2 52. Nc2 Be4 53. Ne1 h6 54. a7 h5 55. h3 h4 56. Nd3 f3 57. Ke3 Bxd3 58. a8=Q e1=Q+ 59. Kxd3 Qe2+ 60. Kc3 Qe3+ 61. Kb2 f2 62. Qc8+ Ke4 63. Qe6+ Kd3 64. Qf5+ Ke2 65. Qg4+ Qf3 66. Qc4+ Ke1 67. Qxh4 Kf1 68. Qg5 Qxh3 69. Qc1+ Kg2 70. Qc6+ Kg1 71. Qg6+ Kh1 72. Qe4+ Qg2 73. Qh4+ Kg1 74. Qd4 Qg3 75. Ka1 Kh1 76. Qe4+ Qg2 77. Qh4+ Kg1 78. Qd4 Qf1+ 79. Kb2 Qe2+ 80. Ka1 Kg2 81. Qg7+ Kh3 82. Qh6+ Kg3 83. Qg5+ Qg4 84. Qe3+ Kg2 85. Qd2 Qg7+ 86. Kb1 Qg6+ 87. Kc1 Qf6 88. Qd5+ Kg1 89. Qg8+ Kh2 90. Qh7+ Kg3 91. Qd3+ Kg4 92. Qd7+ Qf5 93. Qd1+ Kg5 94. Qf1 Kg6 95. Kd1 Qf3+ 96. Kd2 Kg5 97. Qb5+ Kg4 98. Qc4+ Kh3 99. Qe6+ Kg2 100. Qg6+ Qg3 101. Qe4+ Kg1 102. Qd4 Qf3 103. Qg7+ Kh2 104. Qe5+ Kh3 105. Qh8+ Kg2 106. Qg7+ Qg3 107. Qb7+ Kg1 108. Qb6 Qf4+ 109. Ke2 Qe4+ 110. Kd2 Qe1+ 111. Kc2 Qe2+ 112. Kc1 Kh2 113. Qh6+ Kg3 114. Qg5+ Qg4 115. Qe3+ Kg2 116. Qd2 Kg1 117. Qe3 Qc4+ 1/2-1/2

[Event "Outaouais ferme-A"]
[Site "Gatineau CAN"]
[Date "2004.05.08"]
[Round "6"]
[White "Groleau, Gilles"]
[Black "Brousseau, Yvan"]
[Result "1/2-1/2"]
[WhiteElo "2162"]
[BlackElo "2052"]
[PlyCount "90"]
[GameId "2160767911166837"]
[EventDate "2004.04.06"]
[EventType "tourn"]
[EventRounds "6"]
[EventCountry "CAN"]
[SourceTitle "EXT 2006"]
[Source "ChessBase"]
[SourceDate "2005.11.24"]
[SourceVersion "1"]
[SourceVersionDate "2005.11.24"]
[SourceQuality "1"]

1. e4 g6 2. d4 Bg7 3. Nf3 d6 4. Be2 Nf6 5. Nc3 O-O 6. O-O Nbd7 7. e5 Ne8 8. Bg5 f6 9. Bc4+ Kh8 10. exf6 exf6 11. Bh4 Nb6 12. Bb3 d5 13. Re1 c6 14. Qe2 Nd6 15. Qe7 Nf5 16. Qxd8 Rxd8 17. Na4 Nxa4 18. Bxa4 Bd7 19. c3 Re8 20. Bc2 Kg8 21. Bg3 Nxg3 22. hxg3 Kf7 23. Kf1 Bh6 24. Rxe8 Rxe8 25. Re1 Re7 26. Rxe7+ Kxe7 27. Ke1 Kd6 28. Nd2 b6 29. b4 c5 30. a3 cxd4 31. cxd4 Bb5 32. f4 Bf8 33. Kf2 Ke6 34. g4 Kd7 35. Ke3 a6 36. Bb3 Kd6 37. g3 Bd7 38. Bd1 a5 39. bxa5 bxa5 40. a4 Kc7 41. Bf3 Bc6 42. Bd1 Bb4 43. Kd3 Kd6 44. Bc2 Bd7 45. Bd1 Bc6 1/2-1/2

[Event "Outaouais ferme-A"]
[Site "Gatineau CAN"]
[Date "2004.05.08"]
[Round "6"]
[White "Mai, Lloyd"]
[Black "Pepin, Christian"]
[Result "0-1"]
[WhiteElo "1908"]
[BlackElo "2105"]
[PlyCount "80"]
[GameId "2160767911166838"]
[EventDate "2004.04.06"]
[EventType "tourn"]
[EventRounds "6"]
[EventCountry "CAN"]

1. e4 c6 2. d4 d5 3. Nc3 dxe4 4. Nxe4 Nd7 5. c3 Ngf6 6. Ng3 Qc7 7. Bd3 e6 8. Nf3 Bd6 9. O-O O-O 10. Qc2 c5 11. Re1 h6 12. dxc5 Nxc5 13. Ne4 Nfxe4 14. Bxe4 f5 15. Bd3 e5 16. h3 Nxd3 17. Qxd3 Be6 18. Qe3 Bd5 19. Kh1 Rae8 20. Rd1 Bc6 21. Nh4 g5 22. Qd3 Bc5 23. f3 Qf7 24. Nxf5 Qxf5 25. Qc4+ Rf7 26. Qxc5 Bxf3 27. Rd2 Bc6 28. Qe3 Ref8 29. b3 Qf1+ 30. Qg1 Qf5 31. Kh2 Qf4+ 32. g3 Qe4 33. Ba3 Rd7 34. Rad1 Rxd2+ 35. Rxd2 Rf7 36. Bc5 b6 37. Bd6 g4 38. Qd1 Rf3 39. Re2 Re3 40. Rxe3 Qg2# 0-1

[Event "Outaouais ferme-B"]
[Site "Gatineau CAN"]
[Date "2004.04.06"]
[Round "1"]
[White "Dallaire, Dominic"]
[Black "Libersan, Mattieu"]
[Result "0-1"]
[WhiteElo "1821"]
[BlackElo "1856"]
[PlyCount "40"]
[GameId "2160767911166840"]
[EventDate "2004.04.06"]
[EventType "tourn"]
[EventRounds "6"]
[EventCountry "CAN"]

1. e4 e5 2. Nf3 Nc6 3. Bb5 f5 4. Nc3 fxe4 5. Nxe4 d5 6. Nxe5 dxe4 7. Qh5+ g6 8. Nxg6 hxg6 9. Qxh8 Qf6 10. Qxg8 Be6 11. Bxc6+ bxc6 12. Qh7 O-O-O 13. O-O Rd7 14. Qxd7+ Kxd7 15. d3 exd3 16. cxd3 Bc5 17. Be3 Bd6 18. d4 Qh4 19. g3 Qe4 20. Rae1 Qf3 0-1

[Event "Outaouais ferme-B"]
[Site "Gatineau CAN"]
[Date "2004.04.06"]
[Round "1"]
[White "Roy, Roger"]
[Black "Lemieux, Richard"]
[Result "0-1"]
[WhiteElo "1787"]
[BlackElo "1725"]
[PlyCount "194"]
[GameId "2160767911166841"]
[EventDate "2004.04.06"]
[EventType "tourn"]
[EventRounds "6"]
[EventCountry "CAN"]
[SourceTitle "EXT 2006"]
[Source "ChessBase"]
[SourceDate "2005.11.24"]
[SourceVersion "1"]
[SourceVersionDate "2005.11.24"]
[SourceQuality "1"]

1. Nf3 d6 2. d4 Nf6 3. c4 c6 4. Nc3 Nbd7 5. e4 e5 6. d5 Be7 7. Be2 O-O 8. O-O Nc5 9. Qc2 a5 10. Bd2 Ne8 11. Na4 Nxa4 12. Qxa4 Bd7 13. Qb3 f5 14. exf5 Bxf5 15. dxc6 bxc6 16. c5+ Kh8 17. cxd6 Qxd6 18. Rad1 Qg6 19. Nxe5 Qe6 20. Qxe6 Bxe6 21. Nxc6 Bf6 22. b3 a4 23. Bb4 Rf7 24. Bc4 Bxc4 25. bxc4 Rc8 26. Na5 Ra8 27. Rfe1 Bb2 28. Nc6 Rc7 29. Rd8 Rxd8 30. Nxd8 Nf6 31. Re2 Rxc4 32. Be1 Rc1 33. f3 a3 34. Kf2 Ra1 35. Nc6 Rxa2 36. Bb4 Ra1 37. Rd2 h6 38. Na5 Rb1 39. Bxa3 Bxa3 40. Nc4 Bc5+ 41. Kg3 Rb4 42. Ne5 Rd4 43. Rxd4 Bxd4 44. Nf7+ Kg8 45. Nxh6+ gxh6 46. h3 Kg7 47. Kf4 Kg6 48. g4 Bf2 49. Ke5 Bg3+ 50. f4 Nd7+ 51. Ke4 Nc5+ 52. Kf3 Bxf4 53. Kxf4 Ne6+ 54. Kg3 Ng5 55. h4 Ne4+ 56. Kf4 Nd6 57. Ke5 Nf7+ 58. Kf4 Nd6 59. Ke5 Nc4+ 60. Kf4 Nd2 61. Ke3 Nf1+ 62. Kf2 Nh2 63. Kg3 Nf1+ 64. Kf2 Nd2 65. Ke3 Nb3 66. Kf4 Kf7 67. Kf5 Nd4+ 68. Ke4 Ne6 69. Kf5 Ng7+ 70. Ke5 Ke7 71. Kf4 Ke6 72. Ke4 Ne8 73. Kf4 Nd6 74. Kf3 Ke5 75. Ke3 Nc4+ 76. Kf3 Nd2+ 77. Ke3 Nb3 78. Kf3 Nd4+ 79. Ke3 Ne6 80. Kf3 Kd4 81. Kg3 Ke4 82. h5 Ng5 83. Kh4 Nf3+ 84. Kg3 Ke3 85. g5 Nxg5 86. Kg4 Ke4 87. Kh4 Kf5 88. Kg3 Nh7 89. Kh4 Nf6 90. Kh3 Kg5 91. Kg3 Nxh5+ 92. Kh3 Nf4+ 93. Kg3 h5 94. Kh2 Kg4 95. Kg1 Kg3 96. Kh1 h4 97. Kg1 Nh3+ 0-1

[Event "Outaouais ferme-B"]
[Site "Gatineau CAN"]
[Date "2004.04.13"]
[Round "2"]
[White "Dallaire, Dominic"]
[Black "Roy, Roger"]
[Result "1/2-1/2"]
[WhiteElo "1821"]
[BlackElo "1787"]
[PlyCount "54"]
[GameId "2160767911166842"]
[EventDate "2004.04.06"]
[EventType "tourn"]
[EventRounds "6"]
[EventCountry "CAN"]
[SourceTitle "EXT 2006"]
[Source "ChessBase"]
[SourceDate "2005.11.24"]
[SourceVersion "1"]
[SourceVersionDate "2005.11.24"]
[SourceQuality "1"]

1. e4 c5 2. c3 e6 3. d4 cxd4 4. cxd4 d5 5. e5 Nc6 6. a3 Qb6 7. Nf3 Be7 8. Bd3 Bd7 9. Bc2 Rc8 10. Nc3 h5 11. O-O Nh6 12. Na4 Qc7 13. Nc3 a6 14. Bd2 g6 15. b4 Nxb4 16. axb4 Bxb4 17. Ba4 Bxc3 18. Rc1 Qa5 19. Rxc3 Rxc3 20. Bxd7+ Kxd7 21. Qe1 Rhc8 22. Bxh6 Qb5 23. Qd2 Qd3 24. Qf4 Qf5 25. Qd2 Qd3 26. Qf4 Qf5 27. Qd2 Qd3 1/2-1/2

[Event "Outaouais ferme-B"]
[Site "Gatineau CAN"]
[Date "2004.04.20"]
[Round "3"]
[White "Roy, Roger"]
[Black "Libersan, Mattieu"]
[Result "1/2-1/2"]
[WhiteElo "1787"]
[BlackElo "1874"]
[PlyCount "77"]
[GameId "2160767911166843"]
[EventDate "2004.04.06"]
[EventType "tourn"]
[EventRounds "6"]
[EventCountry "CAN"]
[SourceTitle "EXT 2006"]
[Source "ChessBase"]
[SourceDate "2005.11.24"]
[SourceVersion "1"]
[SourceVersionDate "2005.11.24"]
[SourceQuality "1"]

1. d4 Nf6 2. c4 c5 3. e3 g6 4. Nc3 Bg7 5. g3 O-O 6. Bg2 Nc6 7. Nge2 d6 8. O-O Bg4 9. h3 Bd7 10. Rb1 h5 11. dxc5 dxc5 12. Nf4 Ne5 13. b3 Bc6 14. Bb2 Bxg2 15. Kxg2 Qc7 16. Ncd5 Nxd5 17. Nxd5 Qc6 18. f4 Nxc4 19. bxc4 e6 20. Qf3 exd5 21. cxd5 Qa4 22. Bxg7 Kxg7 23. Rxb7 Qxa2+ 24. Rf2 Qa6 25. Rc7 Rac8 26. Rxc8 Rxc8 27. f5 c4 28. e4 c3 29. Rc2 Qc4 30. f6+ Kh7 31. g4 hxg4 32. hxg4 Qd4 33. g5 Rc4 34. Qf4 Qd3 35. Qh2+ Kg8 36. Qb8+ Kh7 37. Qh2+ Kg8 38. Qb8+ Kh7 39. Qh2+ 1/2-1/2

[Event "Outaouais ferme-B"]
[Site "Gatineau CAN"]
[Date "2004.04.27"]
[Round "4"]
[White "Lemieux, Richard"]
[Black "Roy, Roger"]
[Result "0-1"]
[WhiteElo "1725"]
[BlackElo "1787"]
[PlyCount "64"]
[GameId "2160767911166844"]
[EventDate "2004.04.06"]
[EventType "tourn"]
[EventRounds "6"]
[EventCountry "CAN"]
[SourceTitle "EXT 2006"]
[Source "ChessBase"]
[SourceDate "2005.11.24"]
[SourceVersion "1"]
[SourceVersionDate "2005.11.24"]
[SourceQuality "1"]

1. e4 c5 2. Nf3 d6 3. d4 cxd4 4. Nxd4 Nf6 5. Nc3 a6 6. Bc4 e6 7. O-O b5 8. Bd3 Bb7 9. Qe2 Nc6 10. Nxc6 Bxc6 11. f3 Be7 12. Be3 O-O 13. Rad1 Qc7 14. Bf4 b4 15. e5 dxe5 16. Bxe5 Qb6+ 17. Kh1 bxc3 18. Bxc3 Bb5 19. Bxb5 Qxb5 20. Qf2 Rfd8 21. h4 Rxd1 22. Rxd1 Rd8 23. Rxd8+ Bxd8 24. Qg3 Ne8 25. Qg4 Qf1+ 26. Kh2 Bc7+ 27. g3 Qf2+ 28. Kh3 f5 29. Qg5 Qxf3 30. Kh2 Qe2+ 31. Kh1 Qf1+ 32. Kh2 Bb6 0-1

[Event "Outaouais ferme-B"]
[Site "Gatineau CAN"]
[Date "2004.05.04"]
[Round "5"]
[White "Roy, Roger"]
[Black "Dallaire, Dominic"]
[Result "1/2-1/2"]
[WhiteElo "1787"]
[BlackElo "1821"]
[PlyCount "82"]
[GameId "2160767911166845"]
[EventDate "2004.04.06"]
[EventType "tourn"]
[EventRounds "6"]
[EventCountry "CAN"]
[SourceTitle "EXT 2006"]
[Source "ChessBase"]
[SourceDate "2005.11.24"]
[SourceVersion "1"]
[SourceVersionDate "2005.11.24"]
[SourceQuality "1"]

1. d4 Nf6 2. Bg5 g6 3. e3 Bg7 4. Bd3 c5 5. c3 cxd4 6. exd4 Nc6 7. Nf3 d6 8. h3 O-O 9. O-O Bd7 10. Nbd2 Rc8 11. Ne4 Nxe4 12. Bxe4 Na5 13. Re1 Re8 14. Bd5 Bc6 15. Bxc6 Nxc6 16. Qd2 Na5 17. Re2 Nc4 18. Qc2 Qd7 19. Rae1 e6 20. Qd3 Rc7 21. b3 Nb6 22. c4 Rec8 23. Rc1 Qe8 24. Bf4 e5 25. dxe5 dxe5 26. Bxe5 Re7 27. Rce1 Rd8 28. Qc2 Bxe5 29. Rxe5 Rxe5 30. Rxe5 Qd7 31. Qe2 Qd1+ 32. Qxd1 Rxd1+ 33. Kh2 Kf8 34. Ra5 a6 35. Ng5 h6 36. Ne4 Rd7 37. Re5 Rc7 38. Nf6 Re7 39. Rc5 Kg7 40. Nd5 Nxd5 41. Rxd5 Kf6 1/2-1/2

[Event "Outaouais ferme-B"]
[Site "Gatineau CAN"]
[Date "2004.05.08"]
[Round "6"]
[White "Libersan, Mattieu"]
[Black "Roy, Roger"]
[Result "1-0"]
[WhiteElo "1874"]
[BlackElo "1787"]
[PlyCount "47"]
[GameId "2160767911166846"]
[EventDate "2004.04.06"]
[EventType "tourn"]
[EventRounds "6"]
[EventCountry "CAN"]
[SourceTitle "EXT 2006"]
[Source "ChessBase"]
[SourceDate "2005.11.24"]
[SourceVersion "1"]
[SourceVersionDate "2005.11.24"]
[SourceQuality "1"]

1. e4 c5 2. Nf3 d6 3. d4 cxd4 4. Nxd4 Nf6 5. Nc3 a6 6. Bc4 e6 7. O-O Qc7 8. Bb3 b5 9. f4 Nc6 10. Be3 Nxd4 11. Bxd4 e5 12. Be3 Bb7 13. Nd5 Nxd5 14. Bxd5 Bxd5 15. Qxd5 Rd8 16. Rad1 Be7 17. fxe5 O-O 18. e6 fxe6 19. Qxe6+ Kh8 20. Bd4 Rxf1+ 21. Rxf1 Rf8 22. Rf7 Rg8 23. Rxe7 Qxc2 24. Bxg7+ 1-0

[Event "Outaouais ferme-C"]
[Site "Gatineau CAN"]
[Date "2004.04.06"]
[Round "1"]
[White "Lacourse, Guy"]
[Black "Kennedy, Phillip"]
[Result "1-0"]
[WhiteElo "1699"]
[BlackElo "1373"]
[PlyCount "75"]
[GameId "2160767911166847"]
[EventDate "2004.04.06"]
[EventType "swiss"]
[EventRounds "6"]
[EventCountry "CAN"]

1. Nf3 c5 2. c4 Nc6 3. g3 Nf6 4. d4 cxd4 5. Nxd4 Nxd4 6. Qxd4 e6 7. Bg5 b6 8. Bg2 Bc5 9. Qf4 Rb8 10. Qxb8 a5 11. O-O O-O 12. Nd2 d6 13. Ne4 h6 14. Nxf6+ gxf6 15. Bxh6 Ba6 16. Qa7 Bxc4 17. Bxf8 Qxf8 18. Bf3 e5 19. Rfd1 Kg7 20. e3 Qd8 21. b3 Be6 22. Rac1 b5 23. Qxc5 dxc5 24. Rxd8 c4 25. Bd5 Bxd5 26. Rxd5 cxb3 27. Rxb5 a4 28. axb3 a3 29. Rc7 a2 30. Ra5 a1=Q+ 31. Rxa1 f5 32. f4 e4 33. Raa7 Kf6 34. Rxf7+ Ke6 35. Rac7 Kd6 36. Rfd7+ Ke6 37. Rd4 Kf6 38. Rd6# 1-0

[Event "Outaouais op"]
[Site "Gatineau CAN"]
[Date "2004.04.24"]
[Round "2"]
[White "Brousseau, Yvan"]
[Black "Valdizon, Armando"]
[Result "1/2-1/2"]
[WhiteElo "2012"]
[BlackElo "2236"]
[PlyCount "81"]
[GameId "2160767911166670"]
[EventDate "2004.04.23"]
[EventType "swiss"]
[EventRounds "5"]
[EventCountry "CAN"]

1. b3 e5 2. Bb2 Nc6 3. c4 Nf6 4. a3 d5 5. cxd5 Nxd5 6. e3 a6 7. Qc2 Be6 8. Nf3 Bd6 9. Bc4 Qe7 10. Nc3 Nxc3 11. Bxe6 Qxe6 12. Bxc3 O-O 13. O-O f5 14. Bb2 Qh6 15. Qc4+ Kh8 16. Qh4 Qxh4 17. Nxh4 e4 18. f4 Be7 19. g3 Rad8 20. d4 exd3 21. Nf3 Bc5 22. Kf2 Rfe8 23. Ne5 Nxe5 24. Bxe5 Kg8 25. b4 Bb6 26. Rfd1 Kf7 27. Rac1 Rd7 28. h3 g5 29. Kf3 h5 30. g4 fxg4+ 31. hxg4 hxg4+ 32. Kxg4 gxf4 33. exf4 Ke6 34. Rc3 Rg8+ 35. Kf3 Kf5 36. Rcxd3 Rh7 37. R1d2 Rg1 38. Rd7 Rh3+ 39. Ke2 Rh2+ 40. Kd3 Rg3+ 41. Kc2 1/2-1/2

[Event "Outaouais op"]
[Site "Gatineau CAN"]
[Date "2004.04.24"]
[Round "2"]
[White "Mai, Lloyd"]
[Black "Gagnon, Fabien"]
[Result "0-1"]
[WhiteElo "1830"]
[BlackElo "2059"]
[PlyCount "92"]
[GameId "2160767911166671"]
[EventDate "2004.04.23"]
[EventType "swiss"]
[EventRounds "5"]
[EventCountry "CAN"]

1. e4 c5 2. Nf3 Nc6 3. d4 cxd4 4. c3 d3 5. Bxd3 g6 6. c4 Bg7 7. Nc3 Nf6 8. Be2 O-O 9. Nd4 Nxe4 10. Nxc6 Nxc3 11. Nxd8 Nxd1 12. Nxb7 Nxf2 13. Kxf2 Bxb7 14. Be3 Bc6 15. Rab1 f5 16. b4 f4 17. Bc1 Bd4+ 18. Kf1 e5 19. Bb2 Be4 20. Bxd4 Bxb1 21. Bxe5 Bxa2 22. Bf3 Bxc4+ 23. Kf2 d5 24. Rc1 g5 25. Rxc4 dxc4 26. Bd5+ Rf7 27. Bxa8 Rd7 28. Ke2 Re7 29. Bd5+ Kf8 30. Bxc4 Rxe5+ 31. Kd3 Ke7 32. Kd4 Kd6 33. Bd3 Rd5+ 34. Kc4 Rxd3 35. Kxd3 Kd5 36. g3 a6 37. g4 h6 38. h3 Ke5 39. Kd2 Ke4 40. Ke2 f3+ 41. Kf2 Kf4 42. Kf1 Kg3 43. Kg1 Kxh3 44. Kf2 Kxg4 45. Kf1 Kg3 46. Kg1 f2+ 0-1

[Event "Outaouais op"]
[Site "Gatineau CAN"]
[Date "2004.04.24"]
[Round "3"]
[White "Gagnon, Fabien"]
[Black "Voloaca, Mihnea"]
[Result "1/2-1/2"]
[WhiteElo "2059"]
[BlackElo "2198"]
[PlyCount "57"]
[GameId "2160767911166672"]
[EventDate "2004.04.23"]
[EventType "swiss"]
[EventRounds "5"]
[EventCountry "CAN"]

1. d4 d5 2. Nf3 c6 3. e3 e6 4. Bd3 f5 5. O-O Nf6 6. b3 Bd6 7. c4 Qe7 8. Bb2 O-O 9. Nc3 Ne4 10. Ne5 Nd7 11. f3 Nxc3 12. Bxc3 Nxe5 13. dxe5 Bc5 14. Qe2 f4 15. Bd4 dxc4 16. Bxc4 Bxd4 17. exd4 Bd7 18. Rfd1 Be8 19. b4 Bg6 20. b5 Rac8 21. bxc6 bxc6 22. Rac1 Rc7 23. Bb3 h6 24. Rc5 Bf5 25. Qc4 Rfc8 26. Ba4 Qd7 27. Bb3 Kh8 28. h3 Qe8 29. Kh2 1/2-1/2

[Event "Outaouais op"]
[Site "Gatineau CAN"]
[Date "2004.04.25"]
[Round "4"]
[White "Gagnon, Fabien"]
[Black "Spicer, Christopher"]
[Result "0-1"]
[WhiteElo "2059"]
[BlackElo "1979"]
[PlyCount "68"]
[GameId "2160767911166673"]
[EventDate "2004.04.23"]
[EventType "swiss"]
[EventRounds "5"]
[EventCountry "CAN"]

1. d4 Nf6 2. Nf3 d5 3. e3 c6 4. Nbd2 Bg4 5. Be2 e6 6. O-O Bd6 7. b3 Nbd7 8. Bb2 Qb8 9. c4 Ne4 10. h3 h5 11. Nxe4 dxe4 12. Nd2 Nf6 13. f4 Bf5 14. Nb1 h4 15. Nc3 Qc7 16. a3 Rd8 17. Qe1 a6 18. b4 Qe7 19. Rd1 Bb8 20. Na4 Ba7 21. Nc5 Qc7 22. Qc3 Bg6 23. Qb3 Qc8 24. Qc3 Bf5 25. Kh2 Rh6 26. d5 Bxc5 27. bxc5 cxd5 28. cxd5 exd5 29. Qb4 Rg6 30. Rg1 Rg3 31. c6 bxc6 32. Qb6 Bxh3 33. Bxa6 Qd7 34. Rc1 Bxg2 0-1